Using a property company to save tax (Record no. 105362)

MARC details
000 -LEADER
fixed length control field 01635cam a2200289 4500
001 - CONTROL NUMBER
control field ##L133236
008 - FIXED-LENGTH DATA ELEMENTS--GENERAL INFORMATION
fixed length control field 060421n2005 000 0 eng u
020 ## - INTERNATIONAL STANDARD BOOK NUMBER
International Standard Book Number 1904608272
035 ## - SYSTEM CONTROL NUMBER
System control number (Sirsi) u133236
041 0# - LANGUAGE CODE
Language code of text/sound track or separate title eng
050 04 - LIBRARY OF CONGRESS CALL NUMBER
Classification number 336.2 $2 18
100 1# - MAIN ENTRY--PERSONAL NAME
Personal name Bayley, Carl
245 00 - TITLE STATEMENT
Title Using a property company to save tax
250 ## - EDITION STATEMENT
Edition statement 5th ed.
260 ## - PUBLICATION, DISTRIBUTION, ETC.
Place of publication, distribution, etc. Kirkcaldy
Name of publisher, distributor, etc. Taxcafe UK
Date of publication, distribution, etc. 2005
300 ## - PHYSICAL DESCRIPTION
Extent 226p.
Dimensions 24cm.
350 ## - PRICE (NR) (BK AM CF MU VM SE) [OBSOLETE]
Price 24.95
505 2# - FORMATTED CONTENTS NOTE
Formatted contents note Why use a company? -- Plain English guide to company tax -- Different types of property company -- Property rental income and expenses -- Property trading income and expenses -- Corporation Tax on capital gains -- The importance of taper relief -- Stamp Duty for property companies -- VAT and property companies -- Saving tax when you extract profits -- Personal vs. company ownership -- Making the big decision -- How to set up your own property company -- How to put existing property into a company -- Borrowing the tax-efficient way -- Some important tax issues -- Weighing it all up -- Future tax changes
520 ## - SUMMARY, ETC.
Summary, etc. A practical guide to saving tax by setting up a property company to invest in property. Aims to guide the decision on whether this option is appropriate for the reader's situation. Contains many examples and tips, facts on the drawbacks, and traps to avoid. The author has written a number of tax guides designed specifically for the layman.
590 ## - LOCAL NOTE (RLIN)
Local note IKA230506
650 24 - SUBJECT ADDED ENTRY--TOPICAL TERM
Topical term or geographic name entry element CORPORATION TAX
650 24 - SUBJECT ADDED ENTRY--TOPICAL TERM
Topical term or geographic name entry element STAMP DUTY
650 24 - SUBJECT ADDED ENTRY--TOPICAL TERM
Topical term or geographic name entry element VALUE ADDED TAX
651 #4 - SUBJECT ADDED ENTRY--GEOGRAPHIC NAME
Geographic name United Kingdom
Chronological subdivision
690 ## - LOCAL SUBJECT ADDED ENTRY--TOPICAL TERM (OCLC, RLIN)
Topical term or geographic name as entry element PROPERTY-PROPERTY TAXATION
942 ## - ADDED ENTRY ELEMENTS (KOHA)
Suppress in OPAC 0
Holdings
Withdrawn status Lost status Source of classification or shelving scheme Damaged status Not for loan Home library Current library Shelving location Date acquired Cost, normal purchase price Total Checkouts Full call number Barcode Date last seen Date last checked out Copy number Cost, replacement price Price effective from Koha item type
    Dewey Decimal Classification     London London Books 15/05/2006 21.21 11 336.2 BAY 30072952 06/08/2019 17/10/2007 1 21.21 06/08/2019 Book